000 01129nam a22002057a 4500
999 _c3308
_d3308
003 AR-CdUCM
008 190306b ||||| |||| 00| 0 spa d
040 _aMUNICIPALIDAD PROVINCIAL DEL CUSCO
_cBIBLIOTECA MUNICIPAL DEL CUSCO
082 _a336.985 /
_bA45
100 _aAlvarado Mariena, Jose
_910996
245 _aManual Tecnico Operativo de Presupuestos :
_bProgramacion y Formacion del Presupuesto 2001 /
260 _aLima :
_bCentro Interamericano de Asesoria Tecnica,
_c2001.
300 _a373 páginas ;
_c20.5 cm.
505 _aContenido : Planeamiento Estratégico -- Programacion y Formulacion de los Presupuestos Institucionales de Sector Publico Año Fiscal 2001 -- Programacion, Formulacion y Aprovacion de los Preuspuestos Institucionales de los Gobiernos Locales para el Año Fiscal 2001 --Programacion de los Presupuestos de las Entidades Reguladoras, Supervisoras y de los Servicios, Fondos y Empresas Municipales para el Año Fiscal 2001...
650 _aContabilidad
_910543
650 _aFormulacion Presupuestal
_910997
650 _aPlaneamiento Estrategico
_910998
942 _2ddc
_cLIBROS
945 _artm